000 00873nam0a22002411 4500
001 rc\2793066
005 20250529171749.0
035 _a(NLR Aleph) 006919162
090 _a7428127
_c7428127
100 _a20110915d1935 |||y0rusy50 ca
101 0 _arus
102 _aRU
105 _aa z |||||
200 1 _aПроизводство изолирующих пластических кабельных масс
_fС. С. Каспарьян, рабочий-автор
210 _aМосква
_cОнти. Глав. ред. хим. лит-ры
_d1935
_gтип. "Известия ЦИК СССР и ВЦИК"
215 _aОбл., 59 с.
_cил.
_d17х12 см.
700 1 _aКаспарьян
_bС.С.
_gСамсон Сергеевич
801 0 _aRU
_bNLR
_gpsbo
801 1 _aRU
_bELAR
_2rusmarc
852 _aNLR
_j35-9/1272
942 _cBOOK
980 _aNB